UM Logo

Mood classification using haar cascade classifier/ (Record no. 11648)

MARC details
000 -LEADER
fixed length control field 00632nam a22001697a 4500
008 - FIXED-LENGTH DATA ELEMENTS--GENERAL INFORMATION
fixed length control field 181214b ||||| |||| 00| 0 eng d
082 ## - DEWEY DECIMAL CLASSIFICATION NUMBER
Edition number 2018
Classification number UT 1108
Item number B43
100 ## - MAIN ENTRY--PERSONAL NAME
9 (RLIN) 33318
Personal name Beni, Vanesa B.
245 ## - TITLE STATEMENT
Title Mood classification using haar cascade classifier/
Statement of responsibility, etc. Vanesa B. Beni, Bradd Fitt F. Lazaga, Victor Glee M. Ombiga
260 ## - PUBLICATION, DISTRIBUTION, ETC. (IMPRINT)
Place of publication, distribution, etc. Digos City:
Name of publisher, distributor, etc. UMDC
Date of publication, distribution, etc. April 2018
300 ## - PHYSICAL DESCRIPTION
Extent 70 pages;
Other physical details 29 cm.
650 #0 - SUBJECT ADDED ENTRY--TOPICAL TERM
9 (RLIN) 33332
Topical term or geographic name as entry element Technical Programs
Form subdivision Information Technology
General subdivision Undergraduate Thesis
700 ## - ADDED ENTRY--PERSONAL NAME
9 (RLIN) 33319
Personal name Beni, Vanesa B.
700 ## - ADDED ENTRY--PERSONAL NAME
9 (RLIN) 33320
Personal name Lazaga, Bradd Fitt F.
700 ## - ADDED ENTRY--PERSONAL NAME
9 (RLIN) 33321
Personal name Ombiga, Victor Glee M.
942 ## - ADDED ENTRY ELEMENTS (KOHA)
Source of classification or shelving scheme Dewey Decimal Classification
Koha item type Undergraduate Thesis
Holdings
Withdrawn status Lost status Source of classification or shelving scheme Damaged status Not for loan Home library Current library Date acquired Total Checkouts Full call number Barcode Date last seen Price effective from Koha item type
    Dewey Decimal Classification     UM Digos College - LIC UM Digos College - LIC 12/06/2018   UT 1108 B43 2018 1108 05/15/2025 12/14/2018 Undergraduate Thesis